Central Library OPAC University of Rajshahi

Judicial review and fundamental rights / (Record no. 62575)

MARC details
000 -LEADER
fixed length control field 00757nam a2200253 a 4500
001 - CONTROL NUMBER
control field 62575
003 - CONTROL NUMBER IDENTIFIER
rucl marc code BD-RjUL
005 - DATE AND TIME OF LATEST TRANSACTION
control field 20211209081112.0
008 - FIXED-LENGTH DATA ELEMENTS--GENERAL INFORMATION
fixed length control field 170124s1974 ii b 000 0 eng
035 ## - SYSTEM CONTROL NUMBER
System control number (BD-RjUL)62701
040 ## - CATALOGING SOURCE
Original cataloging agency DLC
Transcribing agency DLC
Modifying agency BD-RjUL
Language of cataloging eng
041 ## - LANGUAGE CODE
Language code of text/sound track or separate title eng
082 00 - DEWEY DECIMAL CLASSIFICATION NUMBER
Classification number 347.0120954
Edition number 23
Author mark and year RAJ 1974
100 1# - MAIN ENTRY--PERSONAL NAME
Personal name Ray, Samirendra N.
Fuller form of name (Samirendra Nath),
Dates associated with a name 1934-2002.
9 (RLIN) 186033
245 10 - TITLE STATEMENT
Title Judicial review and fundamental rights /
Statement of responsibility, etc. S. N. Ray.
260 ## - PUBLICATION, DISTRIBUTION, ETC. (IMPRINT)
Place of publication, distribution, etc. Calcutta :
Name of publisher, distributor, etc. Eastern Law House,
Date of publication, distribution, etc. 1974.
300 ## - PHYSICAL DESCRIPTION
Pagination xli, 346 p. ;
Size 22 cm.
350 ## - PRICE (NR) (BK AM CF MU VM SE) [OBSOLETE]
Price Rs32.00
504 ## - BIBLIOGRAPHY, ETC. NOTE
Bibliography, etc Includes bibliography
650 #0 - SUBJECT ADDED ENTRY--TOPICAL TERM
Topical term or geographic name as entry element Judicial review
Geographic subdivision India.
9 (RLIN) 176405
Topical term or geographic name as entry element Civil rights
Geographic subdivision India.
9 (RLIN) 175056
942 ## - ADDED ENTRY ELEMENTS (KOHA)
Source of classification or shelving scheme Dewey Decimal Classification
Koha item type Books
Holdings
Lost status Source of classification or shelving scheme Damaged status Not for loan Collection code Permanent Location Current Location Shelving location Date acquired Source of acquisition Cost, normal purchase price Total Checkouts Full call number Date last seen Copy number Koha item type
  Dewey Decimal Classification   Not For Loan Non-fiction Central Library, University of Rajshahi Central Library, University of Rajshahi Reading Room 06/07/1976 K.P.Bagchil and co, Calcutta 32.00   347.0120954 RAJ 1974 24/01/2017 C-1 Books